Normal view
MARC view
Entry Topical Term
001 - CONTROL NUMBER
- control field: 243040
003 - CONTROL NUMBER IDENTIFIER
- control field: St Aloysius Coll
005 - DATE AND TIME OF LATEST TRANSACTION
- control field: 20251028173938.0
008 - FIXED-LENGTH DATA ELEMENTS
- fixed length control field: 251028|| aca||aabn | a|a d
040 ## - CATALOGING SOURCE
- Original cataloging agency: St Aloysius Coll
- Transcribing agency: St Aloysius Coll
150 ## - HEADING--TOPICAL TERM
- Topical term or geographic name entry element: Psychology Applied Education
670 ## - SOURCE DATA FOUND
- Source citation: Work cat.: (St Aloysius Coll)240588: Jeanne Ellis Ormrod 243039, Essentials of educational psychology, 2025